Global political parties

Other Authors: Ulvila, Marko, Patomaki, Katarina Sehm
Language:English
Published: New York: Zed Books, 2007.
Subjects:
LEADER 00822cam a2200253 7i4500
001 0000062488
005 20081105090000.0
008 081105s2007 nyu eng
020 # 0 |a 9781842779187  
020 # 0 |a 1842779176  
020 # 0 |a 9781842779170  
020 # 0 |a 1842779184  
090 0 0 |a JF 2051   |b .G5 2007 
245 0 0 |a Global political parties   |c Katarina Sehm-Patomaki and Marko Ulvila, editors. 
260 # # |a New York:   |b Zed Books,   |c 2007. 
300 # # |a x, 176 p.;   |c 23 cm.. 
504 0 0 |a Includes bibliographical references and index 
650 0 0 |a Globalization --   |x Political aspects  
650 0 0 |a Political parties  
650 0 0 |a Globalization  
650 0 0 |a International Cooperation  
700 1 1 |a Ulvila, Marko  
700 1 1 |a Patomaki, Katarina Sehm  
999 |a 1100059516  |b Book  |c Open Shelf  |e KOLEKSI TERBUKA